Game of thrones (ASOIAF) : Les occupants de Harrenhal - Statistiques

Statistiques générales
  • Ce quiz a été pris 77 fois
  • Le résultat moyen est 4 sur 13
Statistiques - réponses
Période de souveraineté Maison ou souverain % Correct
73-131 apC Maison Fort
72%
299 apC (D'après la couronne) Maison Baelish
62%
233-299 apC Maison Whent
47%
299 apC (D'après le roi du Nord) Maison Stark (Occupé par Maison Bolton)
40%
299 apC Maison Slynt
38%
environ -42 à -2 Maison Chenu
27%
151-233 apC Maison Lothston
15%
39-44 apC Maison Herpivoie
13%
2-37 apC Maison Qoherys
13%
299 apC (D'après la maison Bolton) * Varshé Hèvre
12%
131-151 apC * Alys Rivers, la "Reine Sorcière" (Avec ses mercenaires)
8%
44-61 apC Maison Tourelles
8%
61-73 apC * Rhaena Targaryen
8%
Aucun quiz correspondant
Distribution des résultats
% des personnes avec chaque résultat
Percentile par nombre de réponses
Votre historique - résultats
Vous n’avez pas pris ce quiz